Adivina el personaje #2 - Estadísticas

Estadísticas generales
  • Esta prueba ha sido intentada 93 veces
  • La puntuación promedio es 6 de 16
Estadísticas de respuestas
Imagen Respuesta % Correcto
Ferb
94%
Clarence
77%
Bob
66%
Mantis
57%
Mack
50%
Fantasma Chócala
45%
Dekigusu
28%
Raquelle
24%
Piecito
18%
Rowley Jefferson
18%
Señorita Simian
18%
Chicaleta
17%
Heihei
15%
Buddy
12%
Morgana
10%
Kyle
7%
No se encontraron pruebas coincidentes
Distribución de puntuación
Porcentaje de gente con cada puntuación
Porcentaje por número respondido
Historial de tus puntuaciones
No has intentado esta prueba.